Liste des Pokémon ruminants - Statistiques

Statistiques générales
  • Ce quiz a été pris 22 fois
  • Le résultat moyen est 18 sur 26
Statistiques - réponses
N° Pokédex Pokémon % Correct
#0128 Tauros
100%
#0128 Tauros de Paldea
100%
#0241 Écrémeuh
94%
#0626 Frison
94%
#0586 Haydaim
78%
#0831 Moumouton
78%
#0585 Vivaldaim
78%
#0672 Cabriolaine
72%
#0234 Cerfrousse
72%
#0180 Lainergie
72%
#0832 Moumouflon
72%
#0181 Pharamp
72%
#0179 Wattouat
72%
#0899 Cerbyllin
67%
#0673 Chevroum
67%
#0638 Cobaltium
61%
#0492 Shaymin (Forme Céleste)
61%
#0639 Terrakium
61%
#0640 Viridium
61%
#1003 Dinglu
56%
#0203 Girafarig
56%
#1023 Chef-de-Fer
44%
#0981 Farigiraf
44%
#1022 Roc-de-Fer
44%
#1010 Vert-de-Fer
44%
#0716 Xerneas
44%
Aucun quiz correspondant
Distribution des résultats
% des personnes avec chaque résultat
Percentile par nombre de réponses
Votre historique - résultats
Vous n’avez pas pris ce quiz